Liberal Democrat MPs 2017 - Statistics

General Stats
  • This quiz has been taken 59 times
  • The average score is 9 of 12
Answer Stats
Constituency MP % Correct
Twickenham Vince Cable
95%
Westmorland & Lonsdale Tim Farron
90%
Kingston & Surbiton Ed Davey
88%
East Dunbartonshire Jo Swinson
88%
Orkney & Shetland Alistair Carmichael
80%
Oxford West and Abingdon Layla Moran
80%
Bath Wera Hobhouse
71%
Edinburgh West Christine Jardine
68%
Norfolk North Norman Lamb
68%
Carshalton & Wallington Tom Brake
66%
Caithness, Sutherland and Easter Ross Jamie Stone
61%
Eastbourne Stephen Lloyd
51%
No matching quizzes found
Score Distribution
Percent of People with Each Score
Percentile by Number Answered
Your Score History
You have not taken this quiz